LEADER 01031nam a2200217 i 4500 001 000000169954 003 CaOOAMICUS 005 20080306000000.0 008 080306s1929 it u000 u ita u 013 $a147359 040 $aSeMil$bita 100 1 $aFasanotti, Leopoldo.$0(OLS)http://semarc/name/63652 245 10$a"Sto mond chi insć" :$bcento sonetti in dialetto milanese /$cLeopoldo Fasanotti ; pubblicati sotto gli auspicii della "Famiglia Meneghina" con quattro parole di presentazione e e note dell'Avv. Luigi Cernezzi. 260 $aMilano :$bGualdoni,$c1929. 300 $aX, 100 p. ;$c18 cm. 650 4$aPoesia dialettale - Milano.$0(OLS)http://semarc/subject/1291 700 1 $aCernezzi, Luigi.$0(OLS)http://semarc/name/63653 850 $aSeMil 852 $aSeMil$W1$xVenegono$y1$m1S VI 15$j120858$B120858$CSeMilBibl$Z2$F132204 $81 996 $6245$a"Sto mond chi insć" :$bcento sonetti in dialetto milanese$9(OLS)http://semarc/title/243052 996 $6260$aMilano :$bGualdoni$9(OLS)http://semarc/publisher/44746 LEADER 00892nam a2200217 i 4500 001 000000176210 003 CaOOAMICUS 005 20250827150949.0 008 090522s1969 xxk u000 u mul u 040 $aSeMil$bita 245 10$aVol. 7 /$cwith an english translation by M. D. Macleod. 300 $a476 p. 490 1 $aThe Loeb Classical Library ;$v431 700 1 $aMacleod, Matthew Donald.$0(OLS)http://semarc/name/8098 773 0 $aLucianus : Samosatensis, $tLucian.$dCambridge, Massachusetts : Harvard University Press ; London : Heinemann, 1968-1979.$w()6913 830 4$aThe Loeb Classical Library ;$v431.$0(OLS)http://semarc/title/26868 850 $aSeMil 852 $aSeMil$W1$xVenegono$y1$m1Y I 44/7$j260962$B127032$CSeMilBibl$Z2$F137624 $81 961 $aOmaggio: Villa don Cesare 996 $6245$aVol. 7$9(OLS)http://semarc/title/111145 LEADER 01492nam a2200325 i 4500 001 000000349872 003 CaOOAMICUS 005 20230331094841.0 008 220331s1996 xxu u000 u eng u 020 $a978-0-664-22064-8 020 $a0-664-22064-9 040 $aSeMil$bita 100 1 $aGerstenberger, Erhard S.,$d<1932- >.$0(OLS)http://semarc/name/23986 240 10$aLeviticus.$0(OLS)http://semarc/title/60054 245 10$aLeviticus :$ba commentary /$cErhard S. Gerstenberger ; [translated by Douglas W. Stott]. 250 $a1st American edition 264 1$aLouisville, Kentucky :$bWestminster John Knox Press,$c1996. 300 $axiv, 450 p. ;$c24 cm. 490 1 $aOld Testament library 504 $aBibliography, p. [xi]-xiv 650 4$aBibbia. Antico Testamento. Levitico - Commentari, studi, critica, interpretazioni.$0(OLS)http://semarc/subject/2771 700 1 $aStott, Douglas W.$0(OLS)http://semarc/name/115708 830 4$aThe Old Testament library.$0(OLS)http://semarc/title/443362 850 $aSeMil 852 $aSeMil$W1$xVenegono$y1$m2YA S 11$j263236$B240906$CSeMilBibl$Z2$F240906 $81 996 $6020$a978-0-664-22064-8$9(OLS)http://semarc/number/295598 996 $6020$a0-664-22064-9$9(OLS)http://semarc/number/295597 996 $6245$aLeviticus :$ba commentary$9(OLS)http://semarc/title/60053 996 $6264$aLouisville, Kentucky :$bWestminster John Knox Press$9(OLS)http://semarc/publisher/42775